| 000 | 01829nam a22002897a 4500 | ||
|---|---|---|---|
| 999 |
_c57176 _d57176 |
||
| 003 | Ge_BSU | ||
| 005 | 20191220160614.0 | ||
| 008 | 191220s2019 ge ||||| |||| 00| 0 geo d | ||
| 020 | _a9789941818882 | ||
| 041 | _ageo | ||
| 080 | _a346.25(73)+340.5 ს -19 | ||
| 245 |
_aსაკორპორაციო სამართლის ანატომია : _bშედარებითი და ფუნქციური მიდგომა / _cრაინერ კრაკმანი ; ჯონ არმორი ; პოლ დევისი და სხვ ; მთარგმნ : ანა ქოჩიშვილი ; დავით მაისურაძე ; ენობრივი რედ. თამარ გაბელაია. |
||
| 250 | _aმე-3 გამოცემა | ||
| 264 |
_a თბილისი : _bGIZ, _c2019. |
||
| 300 |
_a457 გვ.: _c22 სმ. _bტერმინთა განმარტ.გვ.435-457 |
||
| 653 | _aსამართალი | ||
| 653 | _aსაკორპორაციო სამართალი | ||
| 700 |
_aკრაკმანი, რაინერ _95877 |
||
| 700 |
_aდევისი, პოლ _95878 |
||
| 700 |
_aარმორი, ჯონ _95882 |
||
| 700 |
_aქოჩიშვილი, ანა _eმთარგმნელი _95879 |
||
| 700 |
_aმაისურაძე, დავით _eმთარგმნელი _95582 |
||
| 700 |
_aგაბელაია, თამარ _eრედაქტორი _95880 |
||
| 710 |
_eევროკავშირი საქართველოსათვის _95881 |
||
| 856 |
_uhttp://lawlibrary.info/ge/books/2019giz-ge_anatomy_of_corporate_law.pdf _yელექტრონული ვერსია pdf |
||
| 942 |
_2udc _cBK |
||